000 00451nam a22001451a 4500
082 _aS 294.592 1
_bDUR/V
100 _aDurgalal Sharma Rajpurohit
_9122289
245 _aVivah samskar vidhi:
_bkashmiri kritya, bhasha tika sahit/
_cby Durgalal Sharma Rajpurohit.
260 _aJammu Kashmir:
_bHindu Siksha Samiti,
_c
300 _a193p.
650 _aVedic Literature
_9122290
650 _aReligion
_9122291
650 _aHinduism
_9122292
942 _cBK
999 _c50267
_d50267